Micah

Major parts of the book of Micah were probably composed in the context of a book containing a number of prophetic writings - even as many as twelve. They can therefore only be understood and interpreted adequately within that context. That process of interpretation sheds light on an essential segmen...

Full description

Saved in:  
Bibliographic Details
Main Author: Zapff, Burkard M. 1960- (Author)
Corporate Author: W. Kohlhammer GmbH. Verlag
Format: Electronic Book
Language:English
Subito Delivery Service: Order now.
Check availability: HBZ Gateway
Interlibrary Loan:Interlibrary Loan for the Fachinformationsdienste (Specialized Information Services in Germany)
Published: Stuttgart Kohlhammer Verlag 2022
In:Year: 2022
Reviews:[Rezension von: Zapff, Burkard M., 1960-, International exegetical commentary on the Old Testament (IECOT), Micah] (2023) (Kelle, Brad E., 1973 -)
[Rezension von: Zapff, Burkard M., 1960-, International exegetical commentary on the Old Testament (IECOT), Micah] (2023) (Irudayaraj, Dominic S.)
Edition:1st ed.
Standardized Subjects / Keyword chains:B Micah
RelBib Classification:HB Old Testament
Further subjects:B Bible. Micah Commentaries
B Commentary
B Electronic books
Online Access: Table of Contents
Volltext (lizenzpflichtig)
Parallel Edition:Non-electronic

MARC

LEADER 00000cam a22000002c 4500
001 1822918189
003 DE-627
005 20251226204610.0
007 cr uuu---uuuuu
008 221118s2022 xx |||||o 00| ||eng c
020 |a 9783170254435  |9 978-3-17-025443-5 
035 |a (DE-627)1822918189 
035 |a (DE-599)KEP082679568 
035 |a (EBC)EBC7085696 
035 |a (EBL)EBL7085696 
035 |a (DE-627-1)082679568 
040 |a DE-627  |b ger  |c DE-627  |e rda 
041 |a eng 
050 0 |a BS1615.53 
072 7 |a 9540  |2 wsb 
072 7 |a REL006060  |2 bisacsh 
082 0 |a 224.93077  |q SEPA 
084 |a 1  |2 ssgn 
084 |a BC 4490  |q SEPA  |2 rvk  |0 (DE-625)rvk/9448: 
100 1 |e VerfasserIn  |0 (DE-588)124922953  |0 (DE-627)368076776  |0 (DE-576)173139191  |4 aut  |a Zapff, Burkard M.  |d 1960- 
109 |a Zapff, Burkard M. 1960-  |a Zapff, B. M. 1960-  |a Zapff, Burkard Maria 1960- 
245 1 0 |a Micah  |c Burkard M. Zapff 
250 |a 1st ed. 
264 1 |a Stuttgart  |b Kohlhammer Verlag  |c 2022 
264 4 |c ©2022 
300 |a 1 online resource (259 pages) 
336 |a Text  |b txt  |2 rdacontent 
337 |a Computermedien  |b c  |2 rdamedia 
338 |a Online-Ressource  |b cr  |2 rdacarrier 
500 |a Description based on publisher supplied metadata and other sources 
520 |a Major parts of the book of Micah were probably composed in the context of a book containing a number of prophetic writings - even as many as twelve. They can therefore only be understood and interpreted adequately within that context. That process of interpretation sheds light on an essential segment of the history of Old Testament theology: it was not primarily a matter of the statements of lone individual prophetic figures but of a common testimony to YHWH's speaking and acting in the history of his people. Zapff shows this by reflecting diachronically on the results of his synchronic exegesis and so tracing the process by which the Micah document and its theological statement were formed. --Back cover 
630 2 0 |a Bible  |p Micah  |v Commentaries  |2 DLC 
650 4 |a Electronic books 
652 |a HB  |b DDCoderRVK 
655 7 |a Kommentar  |0 (DE-588)4136710-8  |0 (DE-627)104500719  |0 (DE-576)209671467  |2 gnd-content 
689 0 0 |d u  |0 (DE-588)4039110-3  |0 (DE-627)106229311  |0 (DE-576)209033533  |a Bibel  |2 gnd  |p Micha 
689 0 |5 DE-101 
710 2 |e Verlag  |0 (DE-588)83756-8  |0 (DE-627)101684819  |0 (DE-576)192373943  |4 pbl  |a W. Kohlhammer GmbH 
776 1 |z 9783170254428 
776 0 8 |i Erscheint auch als  |n Druck-Ausgabe  |a Zapff, Burkard M., 1960 -   |t International exegetical commentary on the Old Testament (IECOT): Micah  |b 1. edition  |d Stuttgart : Verlag W. Kohlhammer, 2022  |h 258 Seiten  |w (DE-627)175567709X  |z 9783170254428  |z 3170254421  |k Non-Electronic 
787 0 8 |i Rezensiert in  |a Kelle, Brad E., 1973 -   |t [Rezension von: Zapff, Burkard M., 1960-, International exegetical commentary on the Old Testament (IECOT), Micah]  |d 2023  |w (DE-627)1852760923 
787 0 8 |i Rezensiert in  |a Irudayaraj, Dominic S.  |t [Rezension von: Zapff, Burkard M., 1960-, International exegetical commentary on the Old Testament (IECOT), Micah]  |d 2023  |w (DE-627)1889355542 
856 4 0 |u https://ebookcentral.proquest.com/lib/kxp/detail.action?docID=7085696  |m X:EBC  |x Aggregator  |z lizenzpflichtig  |7 1 
856 4 2 |u http://www.gbv.de/dms/bowker/toc/9783170254428.pdf  |v 2022-12-30  |x Aggregator  |3 Inhaltsverzeichnis  |7 1 
912 |a ZDB-30-PQE 
935 |a BIIN 
936 r v |a BC 4490  |b Michaeas (Micha)  |k Theologie und Religionswissenschaften  |k Bibelwissenschaft  |k Bibeltexte, Bibelkommentare und Abhandlungen  |k Bibelkommentare  |k Alttestamentliche Bücher  |k Propheten  |k Kleine Propheten  |k Michaeas (Micha)  |0 (DE-627)1270887491  |0 (DE-625)rvk/9448:  |0 (DE-576)200887491 
951 |a BO 
BIB |a 1 
BIR |a 60000000_60999999  |b biblesearch 
ELC |a 1 
LOK |0 000 xxxxxcx a22 zn 4500 
LOK |0 001 4398187642 
LOK |0 003 DE-627 
LOK |0 004 1822918189 
LOK |0 005 20231026175637 
LOK |0 008 231026||||||||||||||||ger||||||| 
LOK |0 040   |a DE-Tue135-1  |c DE-627  |d DE-Tue135-1 
LOK |0 852   |a DE-Tue135-1 
LOK |0 852 1  |m p  |9 00 
LOK |0 935   |a inmo 
LOK |0 938   |k p 
LOK |0 939   |a 26-10-23  |b l01 
ORI |a SA-MARC-ixtheoa001.raw 
REL |a 1 
SUB |a BIB  |a REL 
SYG 0 0 |a Buch Micha,Micha,Michée,Michaeas,Michea,Micah,Michäas,Mîḵā,Mi,Mich,Mic,Mch,Miq,Mikhah,Micah (Buch der Bibel),Micha (Buch der Bibel),מיכה